| 000 | 01291nam a2200409 a 4500 | ||
|---|---|---|---|
| 003 | AR-BaBNM | ||
| 005 | 20251128204525.0 | ||
| 008 | 082120s2002 ||||||||||||||000 | spa|| | ||
| 040 | _cAR-BaBNM | ||
| 245 | 0 | 0 | _aLa sociedad y la formación de la personalidad del niño |
| 260 |
_aBuenos Aires _bPaidós _c1967-1968 |
||
| 300 | _a700 p. | ||
| 490 | 0 |
_aNueva enciclopedia pedagógica del educador. La educación y sus fundamentos _vv. 2 |
|
| 500 | _aContiene: La sociedad y la formación de la personalidad del niño - La sociedad y la formación del carácter - Sociología y psicología social de la familia - Sociología de la educación | ||
| 504 | _aContiene bibliografía | ||
| 650 | 4 | _aDESARROLLO DE LA PERSONALIDAD | |
| 650 | 4 | _aNIÑEZ | |
| 650 | 4 | _aADOLESCENCIA | |
| 650 | 4 | _aADULTOS | |
| 650 | 4 | _aVEJEZ | |
| 650 | 4 | _aAPRENDIZAJE | |
| 650 | 4 | _aCARACTER | |
| 650 | 4 | _aSOCIOLOGIA DE LA EDUCACION | |
| 650 | 4 | _aGRUPOS DE PARES | |
| 650 | 4 | _aPAPEL DE LOS PADRES | |
| 650 | 4 | _aROL DEL DOCENTE | |
| 650 | 4 | _aFAMILIA | |
| 650 | 4 | _aMATRIMONIO | |
| 650 | 4 | _aPSICOLOGIA SOCIAL | |
| 650 | 4 | _aPEDAGOGIA | |
| 700 | 1 | _aSprott, W.J.H. | |
| 700 | 1 | _aRiesman, David | |
| 700 | 1 | _aJohnson, H.M. | |
| 700 | 1 | _aAgulla, Juan Carlos | |
| 942 | _cBK | ||
| 998 | _cGrace | ||
| 999 |
_c7771 _d7771 |
||